• 首页
  • 本馆介绍
  • 公告通知
  • 最新文献
  • 馆藏检索
  • 电子资源
  • 读者导购
  • 参考咨询
  • 我的图书馆
  • 登录
  • 详细信息显示
  • 放入我的书架
  • 预约/预借图书
  • 作者相关作品
  • 分类相关作品
  • 丛书相关作品
  • 出版社相关作品

书目信息

  • 表格格式
  • 工作单格式
  • 卡片格式
题名:
民俗与迷信
    
 
作者: 江绍原 著 ;陈泳超 整理
分册:  
出版信息: 北京   北京出版社  2016
页数: 17,230页
开本: 18cm
丛书名: 大家小书
单 册:
中图分类: K892 , B992
科图分类:
主题词: 风俗习惯--feng su xi guan--研究--中国 , 迷信--mi xin--研究--中国
电子资源:
ISBN: 978-7-200-11970-1
000 00910nam0 22002891 450
001 0122100717
005 20170322100717.0
010    @a978-7-200-11970-1@b精装@dCNY36.00
100    @a20160929d2016 em y0chiy50 ea
101 0  @achi
102    @aCN@b110000
105    @ay z 000yy
106    @ar
200 1  @a民俗与迷信@9min su yu mi xin@f江绍原著@g陈泳超整理
210    @a北京@c北京出版社@d2016
215    @a17,230页@d18cm
225 2  @a大家小书@9da jia xiao shu
330    @a本书展现了江绍原先生的诙谐风格及迷信研究专长。书中包括:姓名、性爱、传言、医药等方面的迷信研究。
461  0 @12001 @a大家小书
606 0  @a风俗习惯@9feng su xi guan@x研究@y中国
606 0  @a迷信@9mi xin@x研究@y中国
690    @aK892@v5
690    @aB992@v5
701  0 @a江绍原@9jiang shao yuan@4著
702  0 @a陈泳超@9chen yong chao@4整理
801  0 @aCN@bTANGWEI@c20170308
905    @b0959074-7@dK892@e239@f4
    
    民俗与迷信/江绍原著/陈泳超整理.-北京:北京出版社,2016
    17,230页;18cm.-(大家小书)
    
    
    ISBN 978-7-200-11970-1(精装):CNY36.00
    本书展现了江绍原先生的诙谐风格及迷信研究专长。书中包括:姓名、性爱、传言、医药等方面的迷信研究。
●
相关链接 在E读中查询图书 在五车中查询图书 在当当中查询图书 在豆瓣中查询图书


正题名:民俗与迷信     索取号:K892/239         预约/预借

序号 登录号 条形码 馆藏地/架位号 状态 备注
1 0959074   209590744   第二样本阅览室/ [索取号:K892/239] 在馆    
2 0959075   209590753   第二借阅区/ [索取号:K892/239] 在馆    
3 0959076   209590762   第二借阅区/ [索取号:K892/239] 在馆    
4 0959077   209590771   第二借阅区/ [索取号:K892/239] 在馆    
唐山师范学院图书馆 欢迎您!
大连网信软件有限公司© 版权所有